|
|
|
|
| LEADER |
03302nam a22004935i 4500 |
| 001 |
978-88-470-1353-7 |
| 003 |
DE-He213 |
| 005 |
20151108121241.0 |
| 007 |
cr nn 008mamaa |
| 008 |
100721s2010 it | s |||| 0|ita d |
| 020 |
|
|
|a 9788847013537
|9 978-88-470-1353-7
|
| 024 |
7 |
|
|a 10.1007/978-88-470-1353-7
|2 doi
|
| 040 |
|
|
|d GrThAP
|
| 050 |
|
4 |
|a QB1-991
|
| 072 |
|
7 |
|a WNX
|2 bicssc
|
| 072 |
|
7 |
|a SCI004000
|2 bisacsh
|
| 072 |
|
7 |
|a JNF051040
|2 bisacsh
|
| 082 |
0 |
4 |
|a 520
|2 23
|
| 100 |
1 |
|
|a Romagnoli, Edoardo.
|e author.
|
| 245 |
1 |
0 |
|a Lune
|h [electronic resource] /
|c by Edoardo Romagnoli, Giulio Confalonieri, Piero Bianucci.
|
| 264 |
|
1 |
|a Milano :
|b Springer Milan,
|c 2010.
|
| 300 |
|
|
|a 52 pagg. 16 figg.
|b online resource.
|
| 336 |
|
|
|a text
|b txt
|2 rdacontent
|
| 337 |
|
|
|a computer
|b c
|2 rdamedia
|
| 338 |
|
|
|a online resource
|b cr
|2 rdacarrier
|
| 347 |
|
|
|a text file
|b PDF
|2 rda
|
| 505 |
0 |
|
|a L -- U -- N -- E -- Miti, paradossi e illusioni percettive della Luna che interrogano il nostro sguardo.
|
| 520 |
|
|
|a Un'opera unica nel suo genere, nata dall'incontro di due grandi artisti, il fotografo Edoardo Romagnoli e il designer Giulio Confalonieri, recentemente scomparso. Protagonista è la Luna, colta dall'obiettivo della macchina fotografica e ritratta attraverso fotografie sorprendenti e di forte impatto emotivo (alcune esposte al Guggenheim Museum di Venezia). Grafica e fotografia si susseguono e si inseguono, senza interferire l'una con l'altra. Un "passo a due", dove ogni pagina di grafica introduce una pagina di fotografia e, dopo ogni fotografia, appare una pagina di grande effetto grafico. La meraviglia è forte e il ritmo incalzante. Il legame è in copertina: una grande "E" (congiunzione) a rappresentare il rapporto forte tra design e fotografia, immagini e grafica, ma allo stesso tempo anche il profondo piacere dello stare insieme a parlare, fare e disfare, rifare e riparlare, dei due principali attori di quest'opera, il designer e il fotografo. Il tutto accompagnato dal contributo di Piero Bianucci, scrittore, giornalista e grande divulgatore, che conduce attraverso le affinità e le contrapposizioni delle due facce dell'opera (richiamo naturale alle due facce della Luna): luce/ombra, chiaro/scuro, giorno/notte, vita/morte, bianco/nero. Un testo che, partendo dall'ambivalenza mitologica della Luna, arriva a parlare della sua luce e del suo colore/non colore, del paradosso del plenilunio (mai visibile, a rigore, perché quando Sole-Terra-Luna sono perfettamente allineati si ha una eclisse totale di Luna), della Luna in rapporto alla scansione del tempo e degli influssi veri e presunti di questo astro che da sempre ha affascinato l'uomo.
|
| 650 |
|
0 |
|a Popular works.
|
| 650 |
|
0 |
|a Photography.
|
| 650 |
|
0 |
|a Design.
|
| 650 |
|
0 |
|a Astronomy.
|
| 650 |
1 |
4 |
|a Popular Science.
|
| 650 |
2 |
4 |
|a Popular Science in Astronomy.
|
| 650 |
2 |
4 |
|a Photography.
|
| 650 |
2 |
4 |
|a Design, general.
|
| 700 |
1 |
|
|a Confalonieri, Giulio.
|e author.
|
| 700 |
1 |
|
|a Bianucci, Piero.
|e author.
|
| 710 |
2 |
|
|a SpringerLink (Online service)
|
| 773 |
0 |
|
|t Springer eBooks
|
| 776 |
0 |
8 |
|i Printed edition:
|z 9788847013520
|
| 856 |
4 |
0 |
|u http://dx.doi.org/10.1007/978-88-470-1353-7
|z Full Text via HEAL-Link
|
| 912 |
|
|
|a ZDB-2-PHA
|
| 950 |
|
|
|a Physics and Astronomy (Springer-11651)
|